| 000 | 00508 a2200169 4500 | ||
|---|---|---|---|
| 003 | Nust | ||
| 005 | 20230221143749.0 | ||
| 020 | _a96985044 | ||
| 040 | _cNust | ||
| 082 | _a297.124 | ||
| 100 |
_aMahmud Chughtai,Mohammad Tariq _9109371 |
||
| 245 |
_aSunnat-e-Nabvi Aur jadeed Science / سنت نبوی اور جدید سائنس (Urdu) / _cHakim Mohammad Tariq Mahmud Chughtai |
||
| 260 |
_aLahore _bDarul Kutab _c2004 |
||
| 300 | _a487:p | ||
| 650 |
_aIslam, Hadith _966384 |
||
| 942 |
_2ddc _cBK _k297.124,CHU |
||
| 999 |
_c180942 _d180942 |
||